000 01390nam a2200265Ia 4500
003 Ost
005 20260507074919.0
008 260507s9999||||xx |||||||||||||| ||und||
020 _a9957111884
040 _cfsecg
041 _aara
082 _a658.3
100 _aبرنوطي، سعاد نائف
_eمؤلف
245 0 _aإدارة الموارد البشرية :
_bإدارة الافراد /
_c سعاد نائف برنوطي
250 _aطبعة 3
260 _aعمان:
_bدار وائل,
_c2007
300 _a529 صفحة؛
_bإيضاحات ؛
_c24 سم
504 _aببليوغرافيا: ص.515
520 _aنظرة عامة، موقع ومسؤوليات ادارة الموارد البشرية، بيئة ادارة الموارد البشرية، تحليل وتوصيف وتصميم الوظائف، التخطيط لقوة العمل، استقطاب العاملين، اختيار وتعيين العاملين، التعويض والمكافأة، تقييم الوظائف، الحوافز والتحفيز، تقييم الأداء، تطوير وتدريب العاملين، ادامة وصيانة الموارد البشرية، ادارة العلاقات الصناعية
653 _aادارة الأعمال
653 _aادارة الافراد
653 _aالادارة
653 _aالقوى العاملة
942 _cكتاب
999 _c41786
_d41786